Història i històries dels Bombers de Granollers : Cent quaranta-cinc anys d'incendis i rescats al Vallès Oriental / Cent quaranta-cinc anys d'incendis i rescats al Vallès Oriental /
ISBN:
978841259109
Descripción Física:
159 pàgines ; il·lustracions en color i blanc i negre ; 20 cm
Idioma:
Catalán
MARC
| LEADER | 00000nam a22000007a 4500 | ||
|---|---|---|---|
| 001 | 28033 | ||
| 003 | Arxiu | ||
| 005 | 20260324181519.0 | ||
| 008 | 230704b spa||||| |||| 00| 0 cat d | ||
| 017 | |a B 8147-2023 | ||
| 020 | |a 978841259109 | ||
| 040 | |a agdb |b cat | ||
| 100 | |9 69753 |a Miralles Mestre, Pere | ||
| 245 | |a Història i històries dels Bombers de Granollers : |b Cent quaranta-cinc anys d'incendis i rescats al Vallès Oriental / |c Pere Miralles Mestre | ||
| 250 | |a Primera edició: |b Abril 2023 | ||
| 260 | |a Santa Eulàlia de Ronçana : |b Gent i terra ; |c 2023 | ||
| 300 | |a 159 pàgines ; |b il·lustracions en color i blanc i negre ; |c 20 cm | ||
| 504 | |a Bibliografia i fonts consultades, pàgines 154-155. | ||
| 650 | 0 | |9 69752 |a Bombers |z Granollers (Catalunya) |x Història | |
| 710 | |9 69754 |a Bombers de Granollers |e entitat promotora | ||
| 942 | |2 udc |c ARXIU |n 1 | ||
| 952 | |0 0 |1 0 |2 udc |4 0 |6 BIB1090 |7 1 |9 95905 |a Arxiu |b Arxiu |d 2023-07-04 |l 0 |o Bib-1090 |p 28033 |r 2023-07-04 00:00:00 |w 2023-07-04 |y ARXIU | ||
| 999 | |c 127934 |d 127934 | ||